Ishtirākīyat ʻUmar (Record no. 47238)

MARC details
000 -LEADER
fixed length control field 00622cam a22002051 4500
001 - CONTROL NUMBER
control field ne 64001796
003 - CONTROL NUMBER IDENTIFIER
control field DLC
005 - DATE AND TIME OF LATEST TRANSACTION
control field 20260227111802.0
008 - FIXED-LENGTH DATA ELEMENTS--GENERAL INFORMATION
fixed length control field 891017m19649999ua 000 0 ara c
010 ## - LIBRARY OF CONGRESS CONTROL NUMBER
LC control number ne 64001796
025 ## - OVERSEAS ACQUISITION NUMBER
Overseas acquisition number PL480:UAR-4372
035 ## - SYSTEM CONTROL NUMBER
System control number (OCoLC)20501074
040 ## - CATALOGING SOURCE
Original cataloging agency Princeton Univ. Libr.
Transcribing agency WaU
Modifying agency WaU
-- DLC
050 00 - LIBRARY OF CONGRESS CALL NUMBER
Classification number DS238.U5
Item number S46
100 1# - MAIN ENTRY--PERSONAL NAME
Personal name Shalabī, Maḥmūd.
245 10 - TITLE STATEMENT
Title Ishtirākīyat ʻUmar
Statement of responsibility, etc. [taʼlīf] Maḥmūd Shalabī.
260 ## - PUBLICATION, DISTRIBUTION, ETC.
Place of publication, distribution, etc. [al-Qāhirah]
Name of publisher, distributor, etc. Maktabat al-Qāhirah al-Ḥadīthah
Date of publication, distribution, etc. [1964-
300 ## - PHYSICAL DESCRIPTION
Extent v.
Dimensions 20 cm.
600 00 - SUBJECT ADDED ENTRY--PERSONAL NAME
Personal name ʻUmar ibn al-Khaṭṭāb,
Titles and other words associated with a name Caliph,
Dates associated with a name -644.

No items available.

Powered by Koha